000
00336nam a2200133Ia 4500
008
240624s9999 xx 000 0 und d
041
_a
eng
082
_a
828 LOM
100
_a
SUMMERALL PAT
245
_a
GIANTS WHAT I LEARNED ABOUT LIFE FROM VI
260
_c
2010
_a
New Jersey
_b
Wiley
300
_a
ix, 240 p.; 23 cm.
365
_c
_b
38
999
_c
29059
_d
29059